000 00902nam a2200217Ia 4500
008 131103s9999 xx 000 0 und d
020 _a674021568
040 _aLoreto College
041 _aEnglish
082 _a938/GRE
_bLCLIB/43796
245 2 _aA guide to Greek Thought
_b Major figures and trends
_cEdited by Jacques Brunschwig and Geoffrey E.R. Lloyd with the colaboration of Pierre Pellegrin. Translated under the direction of Catherine Porter
260 _aCambridge, Massachusetts, London, England
_bThe Belknap Press of Harvard University Press
_c2003
300 _axiii,486p
_b maps
_c 24 cm
504 _aIncludes bibliographical references and index
630 _aIntellectuals - Greece
650 _aThought and Thinking - History - To 1500
651 _aGreece - Intellectual Life - 146 BC - 323 AD
700 _aBrunschwig, Jacques, ed
850 _aLCLIB/938/GRE
942 _cBK
999 _c5678
_d56157